Prešovské kolégium v období tolerančného patentu

Bibliographic Details
Main Author: Franková, Libuša, 1949- (Author)
Format: Article
Language:Slovak
ISSN:1338-4341
Subjects:

MARC

LEADER 00000nab a2200000 a 4500
001 vtls010517583
003 SK-MaSNL
005 20260331143807.0
008 250708u201201 xo r | 000 a0slo
015 |a SNBRB2013/06SVKPO 
035 |a (sysno)vtls010517583 
035 |a urn:nbn:sk:snk-ab7bep 
035 |a (uuid)661b21f7-429c-444c-ae07-88a2f12213d6 
035 |a (urnnbn)urn:nbn:sk:snk:ar-a07gh9 
040 |a SNKBUCL  |b slo  |c SNKBUCL  |e AACR2 
041 0 |a slo  |b eng 
044 |a xo  |c SK 
080 |a 371  |2 2001 
080 |a 94(439)  |2 2001 
080 |a 274(439)  |2 2001 
080 |a 94(437.6)  |2 2001 
080 |a 37.011.3-051  |2 2001 
080 |a (492)  |2 2001 
080 |a (048.8)  |2 2001 
100 1 |a Franková, Libuša,  |d 1949-  |4 aut  |9 1635960 
245 1 0 |a Prešovské kolégium v období tolerančného patentu  |c Libuša Franková 
504 |a Bibliogr. odkazy 
546 |a Abstr. angl. 
610 2 7 |a Evanjelické kolégium v Prešove  |2 svkpocl  |9 231684 
630 0 7 |a Tolerančný patent, 1781  |2 svkpocl  |9 485008 
648 7 |a 18. stor.  |2 svkpocl  |9 283423 
650 0 7 |a protestantizmus  |z Uhorsko  |2 svkpocl  |9 1047306 
650 0 7 |a školstvo  |2 svkpocl  |9 19712 
650 0 7 |a pedagógovia  |2 svkpocl  |9 18561 
651 7 |a Slovensko  |x dejiny  |2 svkpocl  |9 13278 
651 7 |a Prešov (Slovensko)  |2 svkpocl  |9 17347 
651 7 |a Uhorsko  |x dejiny  |2 svkpocl  |9 56334 
655 7 |a štúdie  |2 svkpocl  |9 57033 
773 0 |t Historia Ecclesiastica  |g Roč. III, č. 2 (2012), s. 30-44  |x 1338-4341 
850 |a Slovenská národná knižnica 
852 |a Slovenská národná knižnica 
954 |a odborná, vedecká literatúra pôvodná (slovenská)  |2 lita 
958 |a article27 
958 |a SK 
958 |a HU 
958 |a OND 
958 |a EUIPO 
999 |c 3042011  |d 3043941